000 00445nam a2200157Ia 4500
008 210210b1996 xxu||||| |||| 00| 0 eng d
020 _a0 07 460201 2
082 _a658.1511 KULM
100 _aKULSHRESHTHA (N K).
245 _aManagement accounting: concepts and cases.
260 _aNew Delhi.
_bT M H
_c1996
300 _axiv,995
650 _aManagement Accounting, Conepts, Cases
690 _aManagement Accounting
906 _a052404
999 _c100818
_d100818